000 00316 a2200121 4500
001 63130
082 _a004.6 CHA
090 _c37298
_d37298
100 _aChellis, James
245 _aMCSE Networking Essentials
_hEnglish
260 _aNew Delhi India
_bBPB Publications NewDelhi, India
_c1999
300 _aXXXI,682p
942 _aCAE NUST
_k004.6 CHE
999 _c298203
_d298203